[Event "GER-chT11-B1 email"]
[Site "GER email"]
[Date "2015.10.15"]
[Round "?.2"]
[White "Kruschinski, Dirk"]
[Black "Hofstetter, Hans Joachim"]
[Result "1/2-1/2"]
[WhiteElo "2442"]
[BlackElo "2388"]
[PlyCount "67"]
[EventDate "2015.??.??"]
[EventType "tourn (corr)"]
[EventRounds "8"]
[EventCountry "GER"]
[SourceTitle "Corr 2017"]
[Source "ChessBase"]
[SourceDate "2017.09.19"]
[SourceVersion "1"]
[SourceVersionDate "2017.09.19"]
[SourceQuality "1"]
[WhiteTeam "Zugzwang Bocholt II"]
[BlackTeam "ChessBaseUserClub"]

1. d4 Nf6 2. c4 g6 3. Nf3 Bg7 4. Nc3 d5 5. Qb3 dxc4 6. Qxc4 0-0 7. e4 a6 8. Qb3 b5 9. Be2 c5 10. dxc5 Be6 11. Qc2 Nbd7 12. Be3 Rc8 13. Rd1 b4 14. Nd5 Bxd5 15. exd5 Nxc5 16. 0-0 a5 17. Bc4 Nce4 18. Qe2 Qc7 19. Bb3 Rfd8 20. Bd4 Nc5 21. Bc4 Nb7 22. b3 Nd6 23. Ba6 Ra8 24. Rc1 Qb8 25. Bc4 Qb7 26. Rfd1 Rdc8 27. h3 Bh6 28. Ra1 Nxd5 29. Bxd5 Qxd5 30. Bg7 Qh5 31. Bxh6 Qxh6 32. Qxe7 Nf5 33. Qe4 Re8 34. Qc4 1/2-1/2

[Event "GER-chT11-B1 email"]
[Site "GER email"]
[Date "2015.10.15"]
[Round "?.2"]
[White "Kruschinski, Dirk"]
[Black "Thelen, Armin"]
[Result "1/2-1/2"]
[WhiteElo "2442"]
[BlackElo "2292"]
[PlyCount "41"]
[EventDate "2015.??.??"]
[EventType "tourn (corr)"]
[EventRounds "8"]
[EventCountry "GER"]
[SourceTitle "Corr 2017"]
[Source "ChessBase"]
[SourceDate "2017.09.19"]
[SourceVersion "1"]
[SourceVersionDate "2017.09.19"]
[SourceQuality "1"]
[WhiteTeam "Zugzwang Bocholt II"]
[BlackTeam "FC Concordia Viersen"]

1. d4 Nf6 2. c4 e6 3. Nf3 d5 4. Nc3 c6 5. Bg5 h6 6. Bxf6 Qxf6 7. e3 Nd7 8. Bd3 dxc4 9. Bxc4 g6 10. 0-0 Bg7 11. a4 a5 12. Qe2 0-0 13. Rfd1 Qe7 14. e4 e5 15. d5 Qb4 16. Rac1 Nb6 17. b3 h5 18. Qe3 Bg4 19. Bf1 Bxf3 20. gxf3 cxd5 21. Nxd5 1/2-1/2

[Event "GER-ch44 final email"]
[Site "GER email"]
[Date "2013.11.08"]
[Round "?"]
[White "Fischer, Detlev"]
[Black "Kruschinski, Dirk"]
[Result "1/2-1/2"]
[WhiteElo "2103"]
[BlackElo "2192"]
[PlyCount "70"]
[EventDate "2013.11.15"]
[EventType "tourn (corr)"]
[EventRounds "14"]
[EventCountry "GER"]
[SourceTitle "Corr 2015"]
[Source "ChessBase"]
[SourceDate "2015.07.17"]
[SourceVersion "1"]
[SourceVersionDate "2015.07.17"]
[SourceQuality "1"]

1. d4 d5 2. c4 c6 3. Nf3 Nf6 4. Nc3 dxc4 5. a4 Bf5 6. e3 e6 7. Bxc4 Bb4 8. 0-0 0-0 9. Qe2 Nbd7 10. e4 Bg6 11. Bd3 Bh5 12. e5 Nd5 13. Nxd5 cxd5 14. Qe3 Be7 15. Ng5 Bxg5 16. Qxg5 Qxg5 17. Bxg5 Nb8 18. Bb5 f6 19. exf6 a6 20. Bd3 gxf6 21. Bd2 Nc6 22. Bc3 Rfe8 23. Rac1 Bg6 24. Be2 Kf7 25. Rfe1 Rac8 26. h4 h5 27. b4 Red8 28. b5 axb5 29. Bxb5 Na7 30. Ba5 Rxc1 31. Rxc1 Rc8 32. Rxc8 Nxc8 33. Bc7 Na7 34. Be2 Nc6 35. Bb6 e5 1/2-1/2

[Event "GER-ch44 final email"]
[Site "GER email"]
[Date "2013.11.08"]
[Round "?"]
[White "Kruschinski, Dirk"]
[Black "Tauber, Hans"]
[Result "1/2-1/2"]
[WhiteElo "2192"]
[BlackElo "2271"]
[PlyCount "35"]
[EventDate "2013.11.15"]
[EventType "tourn (corr)"]
[EventRounds "14"]
[EventCountry "GER"]
[SourceTitle "Corr 2015"]
[Source "ChessBase"]
[SourceDate "2015.07.17"]
[SourceVersion "1"]
[SourceVersionDate "2015.07.17"]
[SourceQuality "1"]

1. d4 Nf6 2. c4 g6 3. Nf3 Bg7 4. Nc3 0-0 5. e4 d6 6. Be2 e5 7. Be3 exd4 8. Nxd4 Re8 9. f3 c6 10. Qd2 d5 11. exd5 cxd5 12. 0-0 Nc6 13. Rfd1 Nxd4 14. Bxd4 dxc4 15. Bxc4 Be6 16. Bxe6 Rxe6 17. Bf2 Qa5 18. a3 1/2-1/2

[Event "GER-ch44 final email"]
[Site "GER email"]
[Date "2013.11.08"]
[Round "?"]
[White "Marquardt, Guenter"]
[Black "Kruschinski, Dirk"]
[Result "0-1"]
[WhiteElo "2086"]
[BlackElo "2217"]
[PlyCount "130"]
[EventDate "2013.11.15"]
[EventType "tourn (corr)"]
[EventRounds "14"]
[EventCountry "GER"]
[SourceTitle "Corr 2020"]
[Source "ChessBase"]
[SourceDate "2019.09.30"]
[SourceVersion "1"]
[SourceVersionDate "2019.09.30"]
[SourceQuality "1"]

1. e4 e5 2. Nc3 Nc6 3. g3 Nf6 4. Nf3 Bc5 5. Bg2 d6 6. d3 0-0 7. 0-0 a5 8. Bg5 h6 9. Bxf6 Qxf6 10. Nd5 Qd8 11. c3 Ne7 12. Ne3 Bxe3 13. fxe3 a4 14. d4 Ng6 15. Rf2 Be6 16. Qf1 Re8 17. Nd2 Re7 18. Qb5 Qc8 19. a3 Bd7 20. Qd3 b5 21. c4 Rb8 22. d5 Nf8 23. Bf1 bxc4 24. Nxc4 Qb7 25. Qd2 Qa7 26. Na5 Ra8 27. Nc4 Nh7 28. Bd3 Ree8 29. Raf1 Ng5 30. Kh1 Bh3 31. Rc1 Reb8 32. Rc3 Rb7 33. Kg1 Rab8 34. Bc2 Rb5 35. Qc1 Rc5 36. Bd3 Rb3 37. Rxb3 axb3 38. Qc3 f5 39. Qxb3 fxe4 40. Be2 Qa8 41. Qd1 Rxd5 42. Nd2 Qc6 43. Bf1 Be6 44. Bg2 Rc5 45. Qe2 Rc1+ 46. Rf1 Rc2 47. h4 Nh7 48. a4 Nf6 49. a5 Bc4 50. Nxe4 Qxe4 51. Bxe4 Rxe2 52. Rc1 d5 53. Bg2 Rxb2 54. e4 c6 55. exd5 cxd5 56. Ra1 Ba6 57. Bf1 Bxf1 58. Kxf1 Rb7 59. Ke2 Kf7 60. Kf3 d4 61. a6 Ra7 62. Ke2 Nd5 63. g4 Ke6 64. g5 Nc7 65. Rb1 Rxa6 0-1

[Event "GER-ch44 final email"]
[Site "GER email"]
[Date "2013.11.08"]
[Round "?"]
[White "Moeller, Axel"]
[Black "Kruschinski, Dirk"]
[Result "1/2-1/2"]
[WhiteElo "2289"]
[BlackElo "2217"]
[PlyCount "98"]
[EventDate "2013.11.15"]
[EventType "tourn (corr)"]
[EventRounds "14"]
[EventCountry "GER"]
[SourceTitle "Corr 2020"]
[Source "ChessBase"]
[SourceDate "2019.09.30"]
[SourceVersion "1"]
[SourceVersionDate "2019.09.30"]
[SourceQuality "1"]

1. e4 e5 2. Nf3 Nc6 3. Bb5 a6 4. Ba4 Nf6 5. 0-0 Be7 6. Re1 b5 7. Bb3 d6 8. c3 0-0 9. h3 Bb7 10. d4 Re8 11. Nbd2 Bf8 12. a3 h6 13. Bc2 Nb8 14. b3 Nbd7 15. Bb2 c6 16. Bd3 Nh5 17. g3 Nhf6 18. Qc2 Qc7 19. Bf1 Rad8 20. Rad1 Rc8 21. a4 Rcd8 22. Ba3 Ra8 23. Kg2 Rad8 24. Kg1 Ra8 25. Kg2 Rad8 26. Kh2 g6 27. Bb2 Bg7 28. Bg2 Rb8 29. Ra1 Rbd8 30. Rad1 Rc8 31. Rc1 Rcd8 32. Kg1 bxa4 33. bxa4 a5 34. Rcd1 Nb6 35. Bf1 Nfd7 36. h4 Rb8 37. Ba3 Bc8 38. Rb1 Bf8 39. Bb2 c5 40. dxe5 dxe5 41. c4 Bb7 42. Bc3 Ra8 43. h5 g5 44. Nh2 Bc6 45. Ng4 Nxa4 46. Ba1 Bg7 47. Ne3 Nab6 48. Nd5 Qd8 49. Qd3 Ra6 1/2-1/2

[Event "GER-chT10 LJ-22 Br03 email"]
[Site "GER email"]
[Date "2013.10.04"]
[Round "?"]
[White "Kruschinski, Dirk"]
[Black "Hoppe, Frank"]
[Result "1/2-1/2"]
[WhiteElo "2192"]
[BlackElo "2087"]
[PlyCount "79"]
[EventDate "2013.10.15"]
[EventType "tourn (corr)"]
[EventRounds "8"]
[EventCountry "GER"]
[SourceTitle "Corr 2020"]
[Source "ChessBase"]
[SourceDate "2019.09.30"]
[SourceVersion "1"]
[SourceVersionDate "2019.09.30"]
[SourceQuality "1"]

1. e4 e5 2. Nf3 Nf6 3. Nxe5 d6 4. Nf3 Nxe4 5. d4 d5 6. Bd3 Bd6 7. 0-0 0-0 8. c4 c6 9. Nc3 Nxc3 10. bxc3 dxc4 11. Bxc4 Bg4 12. Re1 Nd7 13. h3 Bh5 14. g4 Bg6 15. Bg5 Qc7 16. Nh4 b5 17. Nxg6 hxg6 18. Bd3 Nb6 19. Qf3 Rac8 20. Rac1 Rfe8 21. Kg2 Ba3 22. Rb1 Be7 23. Bd2 Bd6 24. h4 Rxe1 25. Rxe1 Nd5 26. Re4 Qd8 27. g5 Qd7 28. Re1 Qc7 29. c4 bxc4 30. Bxc4 Bf4 31. Bxf4 Nxf4+ 32. Kg1 Nd5 33. Re4 Qd8 34. Qg4 Rc7 35. h5 Re7 36. Rxe7 Qxe7 37. hxg6 fxg6 38. Bb3 Qd6 39. Kg2 Kf7 40. Qf3+ 1/2-1/2

[Event "GER-chT10 LJ-22 Br03 email"]
[Site "GER email"]
[Date "2013.10.04"]
[Round "?"]
[White "Kruschinski, Dirk"]
[Black "Schueppen, Heinz"]
[Result "1-0"]
[WhiteElo "2192"]
[BlackElo "2253"]
[PlyCount "83"]
[EventDate "2013.10.15"]
[EventType "tourn (corr)"]
[EventRounds "8"]
[EventCountry "GER"]
[SourceTitle "Corr 2020"]
[Source "ChessBase"]
[SourceDate "2019.09.30"]
[SourceVersion "1"]
[SourceVersionDate "2019.09.30"]
[SourceQuality "1"]

1. d4 Nf6 2. c4 e6 3. g3 c5 4. d5 exd5 5. cxd5 d6 6. Nc3 g6 7. Nf3 Bg7 8. Bg2 0-0 9. 0-0 a6 10. a4 Re8 11. Bf4 Bg4 12. Nd2 Nh5 13. Be3 Nd7 14. h3 Nxg3 15. hxg4 Nxf1 16. Qxf1 f5 17. Bh3 Rf8 18. Nf3 Ne5 19. gxf5 Nxf3+ 20. exf3 gxf5 21. Qd3 Qf6 22. Kh2 Rf7 23. f4 Raf8 24. Rb1 Qh4 25. Ne2 a5 26. Kg2 Qh6 27. Ng3 Kh8 28. b3 Qg6 29. Rg1 b6 30. Bd2 h6 31. Kh2 Bd4 32. Rg2 Qh7 33. Nh5 Rg8 34. Bc3 Rxg2+ 35. Bxg2 Qg6 36. Bxd4+ cxd4 37. Qxd4+ Kg8 38. Bf3 Rb7 39. Qc3 Rf7 40. Qc6 Rf8 41. Qxb6 Ra8 42. Qb7 1-0

[Event "GER 1. Rucki-Zucki-Cup/F01 email"]
[Site "GER email"]
[Date "2012.09.19"]
[Round "?"]
[White "Kruschinski, Dirk"]
[Black "Boehnke, Hartmut"]
[Result "1-0"]
[WhiteElo "2153"]
[BlackElo "2043"]
[PlyCount "55"]
[EventDate "2012.09.22"]
[EventType "tourn (corr)"]
[EventRounds "7"]
[EventCountry "GER"]
[SourceTitle "Corr 2015"]
[Source "ChessBase"]
[SourceDate "2015.07.17"]
[SourceVersion "1"]
[SourceVersionDate "2015.07.17"]
[SourceQuality "1"]

1. d4 Nf6 2. c4 e6 3. Nc3 Bb4 4. Qc2 0-0 5. Nf3 c5 6. dxc5 Na6 7. g3 Nxc5 8. Bg2 Nce4 9. 0-0 Nxc3 10. bxc3 Be7 11. e4 d6 12. e5 dxe5 13. Nxe5 Qc7 14. Qe2 Bd6 15. Bf4 Ne8 16. c5 Qxc5 17. c4 f6 18. Nd3 Qc7 19. Bd2 Qxc4 20. Rfc1 Qd4 21. a4 f5 22. a5 a6 23. Rab1 Rf7 24. Nb2 Bc7 25. Nc4 Qd8 26. Bf4 Bxf4 27. gxf4 Rb8 28. Rd1 1-0

[Event "GER-ch44 V06 email"]
[Site "GER email"]
[Date "2012.04.25"]
[Round "?"]
[White "Kruschinski, Dirk"]
[Black "Balzert, Antonius"]
[Result "1-0"]
[WhiteElo "2158"]
[BlackElo "2111"]
[PlyCount "115"]
[EventDate "2012.04.30"]
[EventType "tourn (corr)"]
[EventRounds "10"]
[EventCountry "GER"]
[SourceTitle "Corr 2015"]
[Source "ChessBase"]
[SourceDate "2015.07.17"]
[SourceVersion "1"]
[SourceVersionDate "2015.07.17"]
[SourceQuality "1"]

1. d4 Nf6 2. c4 e6 3. g3 d5 4. Bg2 Be7 5. Nf3 0-0 6. 0-0 dxc4 7. Qc2 a6 8. a4 Bd7 9. Qxc4 Bc6 10. Bg5 Bd5 11. Qd3 Be4 12. Qe3 Nbd7 13. Nc3 Bc6 14. Qd3 h6 15. Bxf6 Nxf6 16. e4 b6 17. Rfd1 Bb7 18. Ne5 c6 19. Rac1 Rc8 20. Nc4 a5 21. Ne3 Qd7 22. Qc2 Ba6 23. Qb3 Qa7 24. e5 Nd5 25. Nexd5 exd5 26. Bh3 Rcd8 27. Bf5 Bg5 28. f4 Be7 29. h4 Bc4 30. Qc2 c5 31. b3 cxd4 32. bxc4 dxc3 33. cxd5 Ba3 34. Rb1 b5+ 35. Kh2 b4 36. d6 Bb2 37. d7 g6 38. Bh3 b3 39. Qe2 Qc5 40. e6 Qe7 41. Re1 fxe6 42. Bxe6+ Kg7 43. Rxb2 cxb2 44. Qxb2+ Rf6 45. Re5 Qd6 46. Bh3 Kh7 47. Qxb3 Qd2+ 48. Kg1 Rxd7 49. Bxd7 Qxd7 50. Qd5 Qxd5 51. Rxd5 Rc6 52. h5 gxh5 53. Rxh5 Rc2 54. Rxa5 Kg6 55. Rb5 Ra2 56. a5 Kg7 57. Kf1 Kf8 58. Rb8+ 1-0

[Event "GER-ch44 V06 email"]
[Site "GER email"]
[Date "2012.04.25"]
[Round "?"]
[White "Kruschinski, Dirk"]
[Black "Bergmann, Michael"]
[Result "1/2-1/2"]
[WhiteElo "2158"]
[BlackElo "2202"]
[PlyCount "31"]
[EventDate "2012.04.30"]
[EventType "tourn (corr)"]
[EventRounds "10"]
[EventCountry "GER"]
[SourceTitle "Corr 2015"]
[Source "ChessBase"]
[SourceDate "2015.07.17"]
[SourceVersion "1"]
[SourceVersionDate "2015.07.17"]
[SourceQuality "1"]

1. d4 Nf6 2. c4 e6 3. g3 d5 4. Bg2 Be7 5. Nf3 0-0 6. 0-0 dxc4 7. Ne5 Nc6 8. Bxc6 bxc6 9. Nxc6 Qe8 10. Nxe7+ Qxe7 11. Qa4 e5 12. dxe5 Qxe5 13. Nc3 Ne4 14. Qxc4 Nxc3 15. Qxc3 Qxe2 16. Bf4 1/2-1/2

[Event "GER-ch44 V06 email"]
[Site "GER email"]
[Date "2012.04.25"]
[Round "?"]
[White "Kruschinski, Dirk"]
[Black "Boehnke, Hartmut"]
[Result "1-0"]
[WhiteElo "2158"]
[BlackElo "2010"]
[PlyCount "57"]
[EventDate "2012.04.30"]
[EventType "tourn (corr)"]
[EventRounds "10"]
[EventCountry "GER"]
[SourceTitle "Corr 2015"]
[Source "ChessBase"]
[SourceDate "2015.07.17"]
[SourceVersion "1"]
[SourceVersionDate "2015.07.17"]
[SourceQuality "1"]

1. d4 d5 2. c4 c6 3. Nf3 Nf6 4. e3 Bf5 5. Nc3 e6 6. Nh4 Bg6 7. Qb3 Qc7 8. Nxg6 hxg6 9. g3 Nbd7 10. Bg2 Be7 11. 0-0 0-0 12. Bd2 Nb6 13. cxd5 exd5 14. Rad1 Rad8 15. Bc1 g5 16. Rfe1 Rfe8 17. h3 g4 18. hxg4 Nxg4 19. e4 dxe4 20. Rxe4 Nf6 21. Rh4 Nbd5 22. Bf3 Qb6 23. Qc2 g6 24. Kg2 Bf8 25. Bg5 Bg7 26. Ne4 Rd7 27. Nc5 Rde7 28. Qc1 Qa5 29. Bh6 1-0

[Event "GER-ch44 V06 email"]
[Site "GER email"]
[Date "2012.04.25"]
[Round "?"]
[White "Kruschinski, Dirk"]
[Black "Richter, Marko"]
[Result "1/2-1/2"]
[WhiteElo "2158"]
[BlackElo "2062"]
[PlyCount "73"]
[EventDate "2012.04.30"]
[EventType "tourn (corr)"]
[EventRounds "10"]
[EventCountry "GER"]
[SourceTitle "Corr 2015"]
[Source "ChessBase"]
[SourceDate "2015.07.17"]
[SourceVersion "1"]
[SourceVersionDate "2015.07.17"]
[SourceQuality "1"]

1. d4 d5 2. c4 e6 3. Nf3 Nf6 4. g3 dxc4 5. Bg2 a6 6. 0-0 Nc6 7. e3 Bd7 8. Qe2 b5 9. b3 cxb3 10. axb3 Bd6 11. Bb2 0-0 12. Rc1 Nd5 13. Nc3 Qe7 14. Nd2 Ncb4 15. Nde4 f5 16. Nc5 Bxc5 17. Nxd5 Nxd5 18. Rxc5 c6 19. Qd2 Rfb8 20. Ra5 Be8 21. Rc1 Rb6 22. Qc2 h6 23. Rca1 Qc7 24. Ba3 b4 25. Bb2 Qb7 26. Bf3 Rb5 27. R5a2 Qb6 28. Be2 a5 29. e4 fxe4 30. Qxe4 Nf6 31. Qe3 Bd7 32. Rc1 Nd5 33. Qe4 Nf6 34. Qc2 Rf5 35. Bd3 Rd5 36. Bc4 Rh5 37. Re1 1/2-1/2

[Event "GER-ch44 V06 email"]
[Site "GER email"]
[Date "2012.04.25"]
[Round "?"]
[White "Zill, Eberhard"]
[Black "Kruschinski, Dirk"]
[Result "1/2-1/2"]
[WhiteElo "2140"]
[BlackElo "2158"]
[PlyCount "67"]
[EventDate "2012.04.30"]
[EventType "tourn (corr)"]
[EventRounds "10"]
[EventCountry "GER"]
[SourceTitle "Corr 2015"]
[Source "ChessBase"]
[SourceDate "2015.07.17"]
[SourceVersion "1"]
[SourceVersionDate "2015.07.17"]
[SourceQuality "1"]

1. c4 c5 2. g3 Nf6 3. Bg2 Nc6 4. Nf3 g6 5. Nc3 d6 6. d4 cxd4 7. Nxd4 Bd7 8. 0-0 Bg7 9. b3 0-0 10. Bb2 Qa5 11. e3 a6 12. Qd2 Rab8 13. a4 Rfe8 14. Rfd1 Bg4 15. Re1 Bd7 16. Ba3 Rbc8 17. Rad1 Qb6 18. Qb2 Bg4 19. Rd2 Bd7 20. h3 h5 21. Red1 Nxd4 22. exd4 Bf5 23. c5 dxc5 24. dxc5 Qc7 25. Rd4 e6 26. Qc1 Bf8 27. b4 e5 28. Nd5 Nxd5 29. Rxd5 Be6 30. R5d3 Bf5 31. Rf3 Be6 32. Rc3 Rcd8 33. Rcd3 Rxd3 34. Rxd3 1/2-1/2

[Event "GER-chT9 KI-36 Br01 email"]
[Site "GER email"]
[Date "2011.10.17"]
[Round "?"]
[White "Kruschinski, Dirk"]
[Black "Isigkeit, Hans Juergen"]
[Result "1/2-1/2"]
[WhiteElo "2103"]
[BlackElo "2146"]
[PlyCount "75"]
[EventDate "2011.10.23"]
[EventType "tourn (corr)"]
[EventRounds "4"]
[EventCountry "GER"]
[SourceTitle "Corr 2015"]
[Source "ChessBase"]
[SourceDate "2015.07.17"]
[SourceVersion "1"]
[SourceVersionDate "2015.07.17"]
[SourceQuality "1"]
[WhiteTeam "Germany"]
[BlackTeam "Latvia"]
[WhiteTeamCountry "GER"]
[BlackTeamCountry "LAT"]

1. d4 Nf6 2. c4 e6 3. g3 c5 4. d5 exd5 5. cxd5 d6 6. Nc3 g6 7. Nf3 Bg7 8. Bg2 0-0 9. 0-0 a6 10. a4 Nbd7 11. Bf4 Qc7 12. Re1 Nh5 13. Bd2 b6 14. e4 Rb8 15. g4 Nhf6 16. h3 h5 17. g5 Ne8 18. Qe2 Ne5 19. Nxe5 dxe5 20. Rec1 a5 21. Bf1 Qe7 22. Qf3 Kh7 23. Qg3 f6 24. gxf6 Bxf6 25. f3 Nd6 26. Kh1 Bh4 27. Qg2 Bd7 28. Be2 g5 29. Rg1 Rg8 30. Raf1 Rg7 31. b3 Rh8 32. Nb5 Nxb5 33. Bxb5 Bxb5 34. axb5 Rf8 35. Bc3 Rgf7 36. Kh2 Qd6 37. Qe2 Kh6 38. Rg2 1/2-1/2